| 000 | 00556cam a22001697a 4500 | ||
|---|---|---|---|
| 008 | 180718b1952 xxu||||| |||| 00| 0 eng d | ||
| 082 | _aB5x73 H558 | ||
| 100 | _aHilliard, Charles C. | ||
| 245 |
_aCross, the sword and the dollar _cby Charles C. Hilliard |
||
| 250 | _a2nd ed. | ||
| 260 |
_aNew York _bNorth River Press _c1952 |
||
| 300 | _a185p. | ||
| 500 | _aFirst pub. 1951, $3.00 | ||
| 650 | _aUnited States --Foreign relations --1945-1953. | ||
| 650 | _aUnited States --Civilization | ||
| 650 | _aUnited States --Politics and government --1945-1953 | ||
| 999 |
_c368185 _d368185 |
||